Govt. of
Madhya Pradesh

मेरी प्रिय कहानियॉ (Record no. 57923)

MARC details
000 -LEADER
fixed length control field 00471nam a22001577a 4500
003 - CONTROL NUMBER IDENTIFIER
control field macl
005 - DATE AND TIME OF LATEST TRANSACTION
control field 20180425163829.0
008 - FIXED-LENGTH DATA ELEMENTS--GENERAL INFORMATION
fixed length control field 180425b xxu||||| |||| 00| 0 eng d
040 ## - CATALOGING SOURCE
Transcribing agency macl
082 ## - DEWEY DECIMAL CLASSIFICATION NUMBER
Classification number 891.433/MUD
100 ## - MAIN ENTRY--PERSONAL NAME
Personal name चित्रा, मुदगल
9 (RLIN) 58764
245 ## - TITLE STATEMENT
Title मेरी प्रिय कहानियॉ
260 ## - PUBLICATION, DISTRIBUTION, ETC. (IMPRINT)
Place of publication, distribution, etc. दिल्‍ल‍ी
Name of publisher, distributor, etc. राजपाल
Date of publication, distribution, etc. 2013
650 ## - SUBJECT ADDED ENTRY--TOPICAL TERM
Topical term or geographic name as entry element कहानियॉ
9 (RLIN) 72322
942 ## - ADDED ENTRY ELEMENTS (KOHA)
Source of classification or shelving scheme
Koha item type Hindi Books

No items available.